Palestine 1948 (Record no. 106357)
[ view plain ]
| 000 -LEADER | |
|---|---|
| campo de control de longitud fija | 00886nam a2200265 i 4500 |
| 001 - NÚMERO DE CONTROL | |
| campo de control | 106357 |
| 003 - IDENTIFICADOR DE NÚMERO DE CONTROL | |
| campo de control | ES-MaACL |
| 005 - FECHA Y HORA DE LA ÚLTIMA TRANSACCIÓN | |
| campo de control | 20230906184126.0 |
| 007 - CAMPO FIJO DE DESCRIPCIÓN FÍSICA--INFORMACIÓN GENERAL | |
| campo de control de longitud fija | t| |
| 008 - DATOS DE LONGITUD FIJA--INFORMACIÓN GENERAL | |
| campo de control de longitud fija | 061102s1984 xxu ||||1| fre d |
| 020 ## - NÚMERO INTERNACIONAL ESTÁNDAR DEL LIBRO | |
| Número Internacional Estándar del Libro | 2-905448-00-8 |
| 080 ## - NÚMERO DE LA CLASIFICACIÓN DECIMAL UNIVERSAL | |
| Número de la Clasificación Decimal Universal | 956.94"1947" |
| 080 ## - NÚMERO DE LA CLASIFICACIÓN DECIMAL UNIVERSAL | |
| Número de la Clasificación Decimal Universal | 956.94"1917/48" |
| 100 1# - ENTRADA PRINCIPAL--NOMBRE DE PERSONA | |
| Nombre de persona | Sanbar, Elias. |
| 9 (RLIN) | 102327 |
| 245 10 - MENCIÓN DEL TÍTULO | |
| Título | Palestine 1948 |
| Resto del título | : l'expulsion / |
| Mención de responsabilidad, etc. | Elias Sanbar. |
| 260 ## - PUBLICACIÓN, DISTRIBUCIÓN, ETC. | |
| Lugar de publicación, distribución, etc. | Washington : |
| Nombre del editor, distribuidor, etc. | Institut des Etudes Palestiniennes, |
| Fecha de publicación, distribución, etc. | [1984] |
| 300 ## - DESCRIPCIÓN FÍSICA | |
| Extensión | 234 p. ; |
| Dimensiones | 22 cm. |
| 490 1# - MENCIÓN DE SERIE | |
| Mención de serie | Les livres de la Revue d'études palestiniennnes |
| 500 ## - NOTA GENERAL | |
| Nota general | Biblioteca Jacinto Martínez Lacalle. |
| 651 #4 - PUNTO DE ACCESO ADICIONAL DE MATERIA--NOMBRE GEOGRÁFICO | |
| Nombre geográfico | Palestina- |
| Subdivisión general | Historia- |
| Subdivisión cronológica | 1947 (Partición) |
| 9 (RLIN) | 9199 |
| 651 #4 - PUNTO DE ACCESO ADICIONAL DE MATERIA--NOMBRE GEOGRÁFICO | |
| Nombre geográfico | Palestina- |
| Subdivisión general | Historia- |
| Subdivisión cronológica | 1917-1948. |
| 9 (RLIN) | 9198 |
| 830 0# - PUNTO DE ACCESO ADICIONAL DE SERIE-TÍTULO UNIFORME | |
| Título uniforme | Les livres de la Revue d'études palestiniennnes |
| 9 (RLIN) | 232834 |
| 852 ## - LOCALIZACIÓN | |
| Ubicación | ES-MaACL |
| Número de control de estantería | E-11361 |
| Sublocalización o colección | R.139115 |
| Estatus retirado | Estado de pérdida | Estado de daño | No para préstamo | Biblioteca de origen | Biblioteca actual | Ubicación en estantería | Fecha de adquisición | Fuente de adquisición | Total de préstamos | Signatura topográfica completa | Código de barras | Visto por última vez | Precio de reemplazo | Tipo de ítem Koha |
|---|---|---|---|---|---|---|---|---|---|---|---|---|---|---|
| Biblioteca del Ateneo de Madrid | Biblioteca del Ateneo de Madrid | Depósito 2 | 17/01/2008 | E-11361 | 1111026 | 23/02/2023 | 23/02/2023 | Libro impreso |
